| 000 | 01341nam0a22002891 4500 | ||
|---|---|---|---|
| 001 | v19\rc\1716574 | ||
| 005 | 20260406103719.0 | ||
| 035 | _a(NLR Aleph) 005246500 | ||
| 090 |
_a5759379 _c5759379 |
||
| 100 | _a20061002e19001900|||y0rusy50 ca | ||
| 101 | 0 | _arus | |
| 102 | _aRU | ||
| 105 | _ac a ||||| | ||
| 200 | 1 |
_aНиколай Николаевич Харузин. (25 марта 1900 г.) _eС прил. портр. и библиогр. перечня печ. его трудов _f[Соч.] Всев. Миллера |
|
| 210 |
_aМосква _cт-во скоропеч. А.А. Левенсон _d1900 |
||
| 215 |
_a[2], 14 с., 1 л. портр. _d26 |
||
| 311 | _aОтт. из 45 кн. "Этногр. обозрения" | ||
| 488 | 0 |
_12001#$aЭтнографическое обозрение$vКн. 45 _tЭтнографическое обозрение |
|
| 700 | 1 |
_7ca _8rus _aМиллер _bВ. Ф. _f1848-1913 _gВсеволод Федорович _974406 _3RU\NLR\AUTH\7791479 |
|
| 702 | 1 |
_4570 _7ca _8rus _aХарузин _bН. Н. _f1865-1900 _gНиколай Николаевич _982107 _3RU\NLR\AUTH\7799181 |
|
| 801 | 0 |
_aRU _bNLR _c20061002 _gpsbo |
|
| 801 | 0 |
_aRU _bRuMoRGB _c20061002 _2psbo |
|
| 801 | 1 |
_aRU _bProSoft-M _c20061002 _2rusmarc |
|
| 801 | 2 |
_aRU _bNLR _c20110330 _2rusmarc |
|
| 852 |
_aNLR _j20.61.4.9 |
||
| 942 | _cBOOK | ||
| 980 | _aNB | ||